Short guide to geo-botanical surveying /
Guardado en:
| Autor Principal: | |
|---|---|
| Formato: | Libro |
| Idioma: | English Russian |
| Publicado: |
Oxford ; New York :
Pergamon Press : [distributed in the Western Hemisphere by Macmillan, New York],
1964.
|
| Series: | International series of monographs on pure and applied biology. Division, Botany ;
v. 8. |
| Materias: | |
| Etiquetas: |
Agregar Etiqueta
Sin Etiquetas, Sea el primero en etiquetar este registro!
|
| LEADER | 01246nam a22002771a 4500 | ||
|---|---|---|---|
| 001 | EEA.libagro010296 | ||
| 008 | 850930s1964####enka#####b####000#0#eng## | ||
| 005 | 20211004175526.0 | ||
| 245 | 1 | 0 | |a Short guide to geo-botanical surveying / |c by S.V. Viktorov, Ye. A. Vostokova [and] D.D. Vyshivkin. Translated by J.M. Maclennan. Translation edited by M.C.F. Proctor. |
| 260 | |a Oxford ; |a New York : |b Pergamon Press : |b [distributed in the Western Hemisphere by Macmillan, New York], |c 1964. | ||
| 300 | |a xi, 158 p. : |b il. ; |c 24 cm. | ||
| 490 | 1 | |a International series of monographs on pure and applied biology. Division: Botany ; |v v. 8 | |
| 504 | |a Bibliografía: p. 149-155. | ||
| 100 | 1 | |a Viktorov, S. V. |q (Sergei Vasilevich) | |
| 240 | 1 | 0 | |a Kratkoe rukovodstvo po geobotanicheskim s·emkam. |l Inglés |
| 830 | 0 | |a International series of monographs on pure and applied biology. |p Division, Botany ; |v v. 8. | |
| 082 | 0 | 0 | |a 581.9 |
| 650 | 7 | |a Biogeografía |2 agrovoc | |
| 650 | 7 | |a Fotografía aérea |2 agrovoc | |
| 650 | 7 | |a Fotogrametría |2 agrovoc | |
| 650 | 7 | |a Biogeografía |2 agrovoc | |
| 010 | |a 63010080 | ||
| 040 | |a DLC/ICU |c ICU |d DLC | ||
| 041 | 1 | |a eng |h rus | |
| 050 | 0 | 0 | |a QK101 |b .V523 1964 |
| 859 | |a AR-BbBCA |b BIB. AGRONOMIA |h 581.9 |i V763 |p 1965/0030 | ||
